[Event "IV Torneo Internacional Ciudad de La La"]
[Site "Casino de La Laguna. C/ Nava "]
[Date "2010.04.06"]
[Round "2"]
[White "Rodriguez Fernandez, Cristian A"]
[Black "Pinto Henriquez, Rodrigo"]
[Result "1/2-1/2"]
[WhiteElo "1970"]
[BlackElo "2212"]
[PlyCount "108"]
[EventDate "2010.04.05"]

1. e4 e5 2. Nf3 Nc6 3. Bb5 a6 4. Ba4 Nf6 5. O-O Be7 6. Re1 b5 7. Bb3 d6 8. c3
O-O 9. h3 Na5 10. Bc2 c5 11. d4 Nd7 12. Nbd2 exd4 13. cxd4 Nc6 14. e5 cxd4 15.
exd6 Bxd6 16. Bxh7+ Kxh7 17. Qc2+ Kg8 18. Qxc6 Nb6 19. Nxd4 Bb4 20. N4f3 Bf5
21. a3 Qb8 22. Nd4 Bd7 23. Qf3 Bd6 24. Ne4 Be5 25. Nf5 Re8 26. Bd2 Nc4 27. Bc3
Bh2+ 28. Kh1 Ne5 29. Qh5 Bxf5 30. Qxf5 Nd3 31. Nf6+ gxf6 32. Qxd3 Be5 33. Bxe5
Rxe5 34. Qf3 Kg7 35. Rac1 Ra7 36. Rxe5 Qxe5 37. Qg4+ Qg5 38. Rc6 Qxg4 39. hxg4
a5 40. Rb6 Rc7 41. Rxb5 a4 42. Rb4 Rc2 43. f3 Kg6 44. Rb5 Rd2 45. Kh2 Rc2 46.
Kg3 Rd2 47. b4 Ra2 48. Kf4 Rxa3 49. Ra5 Ra2 50. g3 a3 51. b5 Ra1 52. b6 a2 53.
b7 Rb1 54. Rxa2 Rxb7 1/2-1/2

[Event "IV Torneo Internacional Ciudad de La Lag"]
[Site "Casino de La Laguna. C/ Nava y"]
[Date "2010.04.06"]
[Round "2"]
[White "Mendoza Contreras, Lucas E"]
[Black "Saez Gabikagogeaskoa, Oscar"]
[Result "1-0"]
[WhiteElo "2204"]
[BlackElo "1969"]
[PlyCount "85"]
[EventDate "2010.04.05"]

1. d4 Nf6 2. c4 c5 3. d5 b5 4. cxb5 a6 5. bxa6 g6 6. Nc3 Bxa6 7. Nf3 Bg7 8. g3
d6 9. Bg2 O-O 10. O-O Nbd7 11. Qc2 Qa5 12. Rd1 Rfb8 13. Rb1 Qd8 14. b3 Qf8 15.
h3 Ne8 16. Bd2 Nc7 17. e3 Nb6 18. e4 e6 19. dxe6 fxe6 20. Bf4 e5 21. Bc1 Ne6
22. b4 Nd4 23. Nxd4 cxd4 24. b5 Bb7 25. Qb3+ Qf7 26. Nd5 Bxd5 27. exd5 Na4 28.
Ba3 Nc3 29. Bxd6 Rxb5 30. Qxb5 Nxb5 31. Rxb5 Qd7 32. Rb6 Rxa2 33. Rb8+ Kf7 34.
Rdb1 Qa4 35. R1b7+ Kf6 36. Be7+ Kf5 37. g4+ Kf4 38. Bh4 e4 39. Rxg7 Qd1+ 40.
Kh2 Ra1 41. Bg3+ Kg5 42. h4+ Kxg4 43. f3+ 1-0

[Event "IV Torneo Internacional Ciudad de La Lag"]
[Site "Casino de La Laguna. C/ Nava y"]
[Date "2010.04.06"]
[Round "2"]
[White "Korneev, Svyatoslav"]
[Black "Draghici Flutur, Gavril"]
[Result "0-1"]
[WhiteElo "1681"]
[BlackElo "2204"]
[PlyCount "96"]
[EventDate "2010.04.05"]

1. c4 e5 2. Nc3 Nc6 3. g3 Nf6 4. Bg2 Bb4 5. Nd5 Nxd5 6. cxd5 Ne7 7. a3 Bd6 8.
d4 O-O 9. e4 f6 10. Ne2 c6 11. dxe5 fxe5 12. Nc3 Bc5 13. O-O d6 14. Be3 Bxe3
15. fxe3 Rxf1+ 16. Qxf1 Bg4 17. h3 Bh5 18. Qd3 Qc7 19. g4 Bg6 20. Rd1 Rd8 21.
Qc4 Bf7 22. Qd3 Ng6 23. Rf1 Nh4 24. Bh1 Qe7 25. dxc6 bxc6 26. Qa6 h5 27. Qxc6
hxg4 28. hxg4 Qg5 29. Kh2 Be6 30. Qc7 Bxg4 31. Qf7+ Kh7 32. Nd5 Kh8 33. b4 Rc8
34. Rf2 Bh5 35. Qe6 Bg4 36. Qf7 Ng6 37. Bg2 Rf8 38. Qxf8+ Nxf8 39. Rxf8+ Kh7
40. Rf1 Qh4+ 41. Kg1 Qg3 42. a4 Be6 43. Rf3 Qe1+ 44. Rf1 Qe2 45. Rf2 Qd1+ 46.
Rf1 Qxa4 47. Ne7 Qxb4 48. Kf2 g6 0-1

[Event "IV Torneo Internacional Ciudad de La Lag"]
[Site "Casino de La Laguna. C/ Nava y"]
[Date "2010.04.06"]
[Round "2"]
[White "Clemente Llamero, Roberto"]
[Black "Garcia Rodriguez, Pedro Leopold"]
[Result "1-0"]
[WhiteElo "2175"]
[BlackElo "1959"]
[PlyCount "64"]
[EventDate "2010.04.05"]

1. e4 e6 2. d3 d5 3. Nd2 Nf6 4. Ngf3 c5 5. g3 Nc6 6. Bg2 Be7 7. O-O O-O 8. Re1
b6 9. e5 Nd7 10. Nf1 f6 11. exf6 Nxf6 12. c4 Bd6 13. Ng5 Nd4 14. Be3 Nf5 15.
Bd2 Re8 16. Bc3 h6 17. Nh3 Bb7 18. Nf4 Bxf4 19. gxf4 Rc8 20. Be5 Rf8 21. Ng3
Qd7 22. Nxf5 exf5 23. Qf3 Rcd8 24. Bxf6 Rxf6 25. Re5 Rd6 26. Rae1 Kf8 27. Qh5
Rf6 28. Bxd5 Bxd5 29. Rxd5 Rd6 30. Rxd6 Qxd6 31. Qxf5+ Kg8 32. Re6 Qxd3 1-0

[Event "IV Torneo Internacional Ciudad de La Lag"]
[Site "Casino de La Laguna. C/ Nava y"]
[Date "2010.04.06"]
[Round "2"]
[White "Perez Castellano, Susana"]
[Black "Rodriguez Ferraz, Borja"]
[Result "0-1"]
[WhiteElo "1827"]
[BlackElo "2037"]
[PlyCount "104"]
[EventDate "2010.04.05"]

1. e4 e5 2. Nf3 Nc6 3. Bc4 Nf6 4. d3 Bc5 5. c3 d6 6. Bb3 Bg4 7. Nbd2 a6 8. h3
Be6 9. O-O O-O 10. Re1 Ba7 11. Nf1 Bxb3 12. axb3 Ne7 13. Ng3 Ng6 14. b4 Re8 15.
Qb3 h6 16. Bd2 Qd7 17. Rad1 Qe6 18. Qa4 c6 19. Nf5 d5 20. Qc2 dxe4 21. dxe4 Ne7
22. N3h4 Nxf5 23. Nxf5 Rad8 24. Bc1 Kh7 25. Qe2 Ng8 26. Rd3 Rxd3 27. Qxd3 Bb6
28. Qd6 g6 29. Be3 Bxe3 30. Qxe6 Bxf2+ 31. Kxf2 Rxe6 32. Ne3 Rf6+ 33. Kg1 b5
34. Ng4 Re6 35. Rd1 h5 36. Nf2 f5 37. Kf1 Nf6 38. Re1 Kg7 39. b3 fxe4 40. Nxe4
Nxe4 41. Rxe4 Kf6 42. Ke2 Re7 43. c4 Ke6 44. Re3 Rd7 45. Rc3 Rd4 46. Ke3 Kf5
47. Rc1 Re4+ 48. Kf3 Rf4+ 49. Ke3 h4 50. Rc3 Rf1 51. Ke2 Rb1 52. Ke3 Rb2 0-1

[Event "IV Torneo Internacional Ciudad de La Lag"]
[Site "Casino de La Laguna. C/ Nava y"]
[Date "2010.04.06"]
[Round "2"]
[White "Estevez Hernandez, Cristo"]
[Black "Acosta Sosa, Juan Manuel"]
[Result "0-1"]
[WhiteElo "1810"]
[BlackElo "2023"]
[PlyCount "94"]
[EventDate "2010.04.05"]

1. d4 d5 2. c4 c6 3. Nc3 Nf6 4. Nf3 a6 5. c5 Nbd7 6. Bg5 g6 7. e3 Bg7 8. Bd3
O-O 9. h3 Re8 10. Bf4 Nh5 11. Bh2 e5 12. Be2 exd4 13. exd4 Bh6 14. O-O Nf4 15.
Re1 b5 16. a3 Nxe2+ 17. Rxe2 f6 18. Bc7 Qxc7 19. Rxe8+ Kf7 20. Qe2 Nf8 21. Re1
Ra7 22. g4 g5 23. Re3 Ng6 24. Qc2 Bf8 25. h4 Qf4 26. Nh2 gxh4 27. Rf3 Qg5 28.
Qc1 h6 29. Qxg5 hxg5 30. Ne2 Re7 31. Re3 Ra7 32. Kg2 a5 33. b3 b4 34. a4 Ba6
35. Nf1 Bc8 36. Nh2 Be7 37. Rf3 Bd8 38. Kh3 Bc7 39. Nf1 Ba6 40. Nc1 Nf4+ 41.
Rxf4 Bxf4 42. Ne3 Re7 43. Kg2 Re4 44. Kf3 Rxd4 45. Nf5 Re4 46. Rxe4 dxe4+ 47.
Kxe4 Bf1 0-1

[Event "IV Torneo Internacional Ciudad de La Lag"]
[Site "Casino de La Laguna. C/ Nava y"]
[Date "2010.04.06"]
[Round "2"]
[White "Rodriguez Lapetra, Jaime"]
[Black "Alvarado Diaz, Alejandro"]
[Result "0-1"]
[WhiteElo "1557"]
[BlackElo "1935"]
[PlyCount "40"]
[EventDate "2010.04.05"]

1. e4 g6 2. d4 Bg7 3. Nc3 d6 4. Nf3 Nf6 5. Bc4 O-O 6. Bf4 c6 7. O-O b5 8. Bb3
b4 9. Ne2 Nxe4 10. Qd3 Nf6 11. Ng3 a5 12. a4 Nbd7 13. Rfe1 c5 14. c4 cxd4 15.
Nxd4 Nc5 16. Qe3 e5 17. Bxe5 dxe5 18. Qxe5 Nfd7 19. Qe3 Bxd4 20. Qxd4 Nxb3 0-1

[Event "IV Torneo Internacional Ciudad de La Lag"]
[Site "Casino de La Laguna. C/ Nava y"]
[Date "2010.04.06"]
[Round "2"]
[White "Ferrera Gonzalez, Carlos"]
[Black "Capote Robayna, Nathaniel"]
[Result "0-1"]
[WhiteElo "1426"]
[BlackElo "1933"]
[PlyCount "46"]
[EventDate "2010.04.05"]

1. e4 e6 2. d4 d5 3. e5 c5 4. c3 Nc6 5. Nf3 Qb6 6. a3 Nh6 7. b4 cxd4 8. cxd4
Nf5 9. Bb2 g6 10. Bd3 Bg7 11. O-O O-O 12. Bxf5 gxf5 13. Nc3 Bd7 14. Ne2 a5 15.
bxa5 Nxa5 16. Nf4 Qxb2 17. Nh5 Qb6 18. Nf6+ Bxf6 19. exf6 Qd8 20. Ne5 Bb5 21.
a4 Bxf1 22. Nd7 Qxd7 23. Qd2 Kh8 0-1

[Event "IV Torneo Internacional Ciudad de La Lag"]
[Site "Casino de La Laguna. C/ Nava y"]
[Date "2010.04.06"]
[Round "2"]
[White "Navarro Molina, David"]
[Black "Perez Barreto, Adrian"]
[Result "1/2-1/2"]
[WhiteElo "1967"]
[BlackElo "1644"]
[PlyCount "71"]
[EventDate "2010.04.05"]

1. d4 Nf6 2. Nf3 g6 3. c4 Bg7 4. Nc3 O-O 5. e4 d6 6. Be2 e5 7. O-O Nc6 8. d5
Ne7 9. b4 Nh5 10. Re1 f5 11. Ng5 Nf4 12. Bxf4 exf4 13. Rc1 fxe4 14. Ncxe4 Nf5
15. Bg4 Nd4 16. Bxc8 Qxc8 17. Nf3 Nxf3+ 18. Qxf3 Qf5 19. c5 Rad8 20. cxd6 cxd6
21. Rc7 Rf7 22. Rxf7 Qxf7 23. Ng5 Qf5 24. Ne6 Re8 25. Rc1 Bb2 26. Rd1 g5 27. h3
Qg6 28. Qg4 Bf6 29. Rc1 h5 30. Qf3 Be5 31. Rc7 g4 32. hxg4 hxg4 33. Qd1 g3 34.
fxg3 fxg3 35. a4 Qe4 36. Qf1 {irreproducible} 1/2-1/2

[Event "IV Torneo Internacional Ciudad de La Lag"]
[Site "Casino de La Laguna. C/ Nava y"]
[Date "2010.04.06"]
[Round "2"]
[White "Molina Rodriguez, Borja"]
[Black "Pozo Vinuesa, Elena"]
[Result "1-0"]
[WhiteElo "1941"]
[BlackElo "1618"]
[PlyCount "59"]
[EventDate "2010.04.05"]

1. e4 e5 2. Nf3 Nc6 3. Bc4 Nf6 4. d3 d6 5. c3 Bg4 6. h3 Bh5 7. O-O Be7 8. Re1
O-O 9. Bb3 Qd7 10. Nbd2 Rad8 11. Nf1 Rfe8 12. Ng3 Bg6 13. Nh4 d5 14. Qf3 dxe4
15. dxe4 Kh8 16. Nhf5 Qd3 17. Be3 Bxf5 18. Nxf5 Qxe4 19. Qxe4 Nxe4 20. Bxf7 Rf8
21. Nxe7 Nxe7 22. Bh5 a6 23. Bf3 Nd6 24. Bg5 Rde8 25. Rxe5 Rf5 26. Rxe7 Rxg5
27. Rxc7 Rb8 28. Rd1 Rg6 29. c4 b6 30. Rd7 1-0

[Event "IV Torneo Internacional Ciudad de La Lag"]
[Site "Casino de La Laguna. C/ Nava y"]
[Date "2010.04.06"]
[Round "2"]
[White "Bacallado Rivero, David"]
[Black "Cruz Gomez, Isidro"]
[Result "0-1"]
[WhiteElo "1589"]
[BlackElo "1931"]
[PlyCount "26"]
[EventDate "2010.04.05"]

1. d4 d5 2. c4 dxc4 3. Nc3 a6 4. e3 b5 5. a4 b4 6. Bxc4 Bb7 7. Nge2 Bxg2 8. Ng3
Bxh1 9. Nxh1 e6 10. a5 Nf6 11. Bd2 c5 12. Qb3 Nbd7 13. Ra4 e5 {ilegible} 0-1

[Event "IV Torneo Internacional Ciudad de La Lag"]
[Site "Casino de La Laguna. C/ Nava y"]
[Date "2010.04.06"]
[Round "2"]
[White "Rodriguez Govea, Elizabeth"]
[Black "Heimbaecher, Peter Dr"]
[Result "0-1"]
[WhiteElo "1529"]
[BlackElo "1917"]
[PlyCount "44"]
[EventDate "2010.04.05"]

1. e4 d5 2. exd5 Qxd5 3. Nc3 Qa5 4. Nf3 c6 5. Bc4 Bg4 6. O-O e6 7. d4 Nf6 8. h3
Bh5 9. Bg5 Bxf3 10. Qxf3 Qxg5 11. Rfe1 Nbd7 12. Rad1 Be7 13. Ne4 Nxe4 14. Qxe4
Nf6 15. Qf3 Nd5 16. Bb3 Qf5 17. Bxd5 cxd5 18. Qc3 O-O 19. Qc7 Rac8 20. Qxb7
Rxc2 21. Qb3 Qxf2+ 22. Kh1 Qxg2# 0-1

[Event "IV Torneo Internacional Ciudad de La Lag"]
[Site "Casino de La Laguna. C/ Nava y"]
[Date "2010.04.06"]
[Round "2"]
[White "Pueyo Marina, Gerardo"]
[Black "Rodriguez Manzaneda, Javier"]
[Result "1-0"]
[WhiteElo "1905"]
[BlackElo "1547"]
[PlyCount "39"]
[EventDate "2010.04.05"]

1. d4 d5 2. c4 e6 3. g3 Nf6 4. Bg2 Be7 5. Nf3 O-O 6. O-O dxc4 7. Na3 Bxa3 8.
bxa3 Nbd7 9. Qc2 a6 10. Rd1 c6 11. Rb1 Qe7 12. Qxc4 c5 13. dxc5 Qxc5 14. Qxc5
Nxc5 15. Bf4 b5 16. Bd6 Nce4 17. Bxf8 Kxf8 18. Ne5 Ra7 19. Rd8+ Ke7 20. Nc6#
1-0

[Event "IV Torneo Internacional Ciudad de La Lag"]
[Site "Casino de La Laguna. C/ Nava y"]
[Date "2010.04.06"]
[Round "2"]
[White "Bernad Millan, Ignacio"]
[Black "Febles Dominguez, Alfonso Jesus"]
[Result "1-0"]
[WhiteElo "1891"]
[BlackElo "1526"]
[PlyCount "57"]
[EventDate "2010.04.05"]

1. d4 Nf6 2. c4 g6 3. Nf3 Bg7 4. g3 O-O 5. Bg2 d6 6. O-O c6 7. h3 Nbd7 8. Nc3
Re8 9. e4 e6 10. e5 dxe5 11. dxe5 Nh5 12. g4 Ng3 13. fxg3 Nxe5 14. Nxe5 Bxe5
15. Qf3 Qc7 16. Bf4 Bd4+ 17. Be3 e5 18. Ne4 Re7 19. Bxd4 exd4 20. c5 Be6 21.
Qf4 Rd8 22. Qxc7 Rxc7 23. b3 Kg7 24. Rad1 Rd5 25. b4 d3 26. Nd6 Rd4 27. Ne8+
Kf8 28. Nxc7 Bc4 29. Rf4 1-0

[Event "IV Torneo Internacional Ciudad de La Lag"]
[Site "Casino de La Laguna. C/ Nava y"]
[Date "2010.04.06"]
[Round "2"]
[White "Cruz Veloz, Merquis Jesus"]
[Black "Rodriguez Govea, Alejandro Jose"]
[Result "1-0"]
[WhiteElo "1888"]
[BlackElo "1505"]
[PlyCount "41"]
[EventDate "2010.04.05"]

1. e4 c5 2. Nf3 Nc6 3. Nc3 Nf6 4. d4 cxd4 5. Nxd4 e5 6. Ndb5 d6 7. Nd5 Nxd5 8.
exd5 Ne7 9. c4 Nf5 10. g4 Nh6 11. Bxh6 gxh6 12. Be2 Bg7 13. Qc2 a6 14. Nc3 b6
15. O-O-O Qg5+ 16. Kb1 O-O 17. Ne4 Qf4 18. Nxd6 Bxg4 19. Bxg4 Qxg4 20. Rhg1 Qd7
21. Nf5 1-0

[Event "IV Torneo Internacional Ciudad de La Lag"]
[Site "Casino de La Laguna. C/ Nava y"]
[Date "2010.04.06"]
[Round "2"]
[White "Damaso Tacoronte, Carolina"]
[Black "Pozo Vinuesa, Pedro"]
[Result "1-0"]
[WhiteElo "1878"]
[BlackElo "1388"]
[PlyCount "44"]
[EventDate "2010.04.05"]

1. e4 c6 2. d4 d5 3. Nc3 dxe4 4. Nxe4 Nf6 5. Nxf6+ exf6 6. Nf3 Bf5 7. Bd3 Bxd3
8. Qxd3 Bd6 9. Be3 O-O 10. O-O Nd7 11. Nd2 Qc7 12. h3 Rad8 13. Ne4 Be7 14. Ng3
Ne5 15. Qe4 Ng6 16. h4 Bd6 17. Nf5 Rfe8 18. Qg4 Bf8 19. h5 Ne7 20. Nh6+ Kh8 21.
Nxf7+ Kg8 22. Nxd8 Rxd8 1-0

[Event "IV Torneo Internacional Ciudad de La La"]
[Site "San Cristobal de La Laguna"]
[Date "2010.??.??"]
[Round "3.1"]
[White "Bruzon Batista, L."]
[Black "Cori Tello, J."]
[Result "1-0"]
[WhiteElo "2641"]
[BlackElo "2500"]
[PlyCount "65"]
[EventDate "2010.??.??"]

1. Nf3 Nf6 2. c4 e6 3. d4 d5 4. Nc3 c6 5. e3 Nbd7 6. Bd3 dxc4 7. Bxc4 b5 8. Bd3
Bb7 9. O-O a6 10. a4 b4 11. Nb1 c5 12. Nbd2 Be7 13. Qe2 cxd4 14. exd4 O-O 15.
a5 Nd5 16. Nb3 Qb8 17. Ne5 Nxe5 18. dxe5 Qa7 19. h4 Rfe8 20. h5 Rad8 21. Bd2
Rd7 22. Rac1 Red8 23. Bb1 Rc8 24. Qe4 g6 25. Rxc8+ Bxc8 26. Nd4 Bf8 27. hxg6
hxg6 28. Nf3 Qb8 29. Qh4 Bg7 30. Re1 Bb7 31. Ng5 Qe8 32. Be4 Qe7 33. Bxd5 1-0

[Event "IV Torneo Internacional Ciudad de La La"]
[Site "San Cristobal de La Laguna"]
[Date "2010.04.10"]
[Round "3.2"]
[White "Mekhitarian, S."]
[Black "Miton, K."]
[Result "1/2-1/2"]
[WhiteElo "2490"]
[BlackElo "2581"]
[PlyCount "60"]
[EventDate "2010.??.??"]

1. e4 e5 2. Nf3 Nc6 3. Bb5 a6 4. Ba4 Nf6 5. O-O b5 6. Bb3 Bc5 7. a4 Rb8 8. axb5
axb5 9. Nxe5 Nxe5 10. d4 Bxd4 11. Qxd4 d6 12. f4 Nc6 13. Qc3 Ne7 14. e5 Ne4 15.
Qe1 d5 16. Nd2 Nc5 17. Ba2 Bf5 18. Nf3 Ne6 19. Qf2 Be4 20. b4 O-O 21. Be3 f6
22. exf6 Rxf6 23. Ne5 Ra8 24. Bb3 Rxa1 25. Rxa1 Ng6 26. Nxg6 hxg6 27. Qd2 Qd6
28. g3 Kh7 29. c3 Rf8 30. Ra5 c6 1/2-1/2

[Event "IV Torneo Internacional Ciudad de La La"]
[Site "San Cristobal de La Laguna"]
[Date "2010.04.10"]
[Round "3.3"]
[White "Gleizerov, E."]
[Black "Herraiz Hidalgo, H."]
[Result "1-0"]
[WhiteElo "2565"]
[BlackElo "2488"]
[PlyCount "117"]
[EventDate "2010.??.??"]

1. d4 f5 2. g3 Nf6 3. Bg2 g6 4. c4 Bg7 5. Nc3 O-O 6. Nh3 d6 7. d5 Na6 8. O-O
Nc5 9. Qc2 e5 10. dxe6 c6 11. Rd1 Nxe6 12. Nf4 Qe7 13. b3 Ng4 14. Nxe6 Bxe6 15.
e3 g5 16. h3 Ne5 17. Ba3 Rad8 18. f4 Nf7 19. Bb2 Bc8 20. Rd3 Qf6 21. Rb1 Qg6
22. Ne2 Rde8 23. Bxg7 Qxg7 24. Qc3 gxf4 25. gxf4 Qxc3 26. Nxc3 Re6 27. Bf3 Rfe8
28. Kf2 Rh6 29. Rg1+ Kf8 30. Rg3 Ke7 31. Ne2 Rf8 32. b4 Be6 33. Rc3 Rg6 34. b5
Rc8 35. Ra3 Bxc4 36. bxc6 bxc6 37. Nd4 c5 38. Nxf5+ Kf6 39. e4 Rb8 40. Rxg6+
hxg6 41. Ne3 Rb2+ 42. Kg3 Bxa2 43. Rxa7 Be6 44. f5 gxf5 45. exf5 Ba2 46. Kf4
Kg7 47. Ng4 Kf8 48. f6 Ke8 49. Be4 Bc4 50. Ne3 Rb4 51. Bc6+ Kd8 52. Nxc4 Rxc4+
53. Kf5 Ne5 54. Bd5 Rd4 55. Ke6 Rd1 56. Kxd6 Nc4+ 57. Kxc5 Ne5 58. f7 Rf1 59.
Kd6 1-0

[Event "IV Torneo Internacional Ciudad de La La"]
[Site "San Cristobal de La Laguna"]
[Date "2010.04.10"]
[Round "3.4"]
[White "Barlov, D."]
[Black "Korneev, O."]
[Result "1/2-1/2"]
[WhiteElo "2487"]
[BlackElo "2558"]
[PlyCount "35"]
[EventDate "2010.??.??"]

1. Nf3 d5 2. e3 Nf6 3. c4 c6 4. Qc2 Bg4 5. Ne5 Bh5 6. cxd5 Nxd5 7. d4 e6 8. a3
Nd7 9. Nxd7 Qxd7 10. Bd3 Be7 11. Nd2 Bg6 12. Bxg6 hxg6 13. Nf3 Qc7 14. Bd2 g5
15. O-O-O O-O-O 16. Kb1 f6 17. e4 g4 18. Ng1 1/2-1/2

[Event "IV Torneo Internacional Ciudad de La La"]
[Site "Casino de La Laguna. C/ Nava "]
[Date "2010.04.07"]
[Round "3"]
[White "Rivas Pastor, Manuel"]
[Black "Diamant, Andre"]
[Result "0-1"]
[WhiteElo "2544"]
[BlackElo "2486"]
[PlyCount "64"]
[EventDate "2010.04.05"]

1. e4 c5 2. Nf3 e6 3. c4 a6 4. Nc3 Qc7 5. b3 b6 6. Bb2 Bb7 7. g3 Nf6 8. Qe2 Nc6
9. Bg2 d6 10. O-O Be7 11. Rac1 Nd7 12. Nd5 exd5 13. cxd5 Nce5 14. Nd4 Bf6 15.
f4 Ng6 16. e5 dxe5 17. d6 Qc8 18. fxe5 Ndxe5 19. Nf5 Bxg2 20. Kxg2 Qb7+ 21. Kh3
O-O 22. d4 cxd4 23. Rc7 Qd5 24. Bxd4 Rfe8 25. Bxb6 Nd7 26. Qf2 Nxb6 27. Qxb6
Bd8 28. Qc6 Qxc6 29. Rxc6 Ne5 30. Rc2 g6 31. Ne3 Re6 32. Rd2 Bg5 0-1

[Event "IV Torneo Internacional Ciudad de La Lag"]
[Site "Casino de La Laguna. C/ Nava y"]
[Date "2010.04.07"]
[Round "3"]
[White "Cori T, Deysi"]
[Black "Strikovic, Aleksa"]
[Result "1/2-1/2"]
[WhiteElo "2434"]
[BlackElo "2544"]
[PlyCount "113"]
[EventDate "2010.04.05"]

1. d4 d6 2. Nf3 f5 3. c4 Nf6 4. Nc3 g6 5. b4 Bg7 6. Bb2 O-O 7. e3 c6 8. Qb3 Kh8
9. Be2 Be6 10. O-O Bg8 11. d5 Na6 12. dxc6 bxc6 13. Qa4 Qb6 14. Rab1 Nxb4 15.
Ba1 a5 16. a3 Qc7 17. axb4 axb4 18. Qxb4 Rfb8 19. Nb5 cxb5 20. cxb5 Nd5 21.
Bxg7+ Kxg7 22. Qb2+ Qc3 23. Rfc1 Qxb2 24. Rxb2 Rc8 25. Rxc8 Rxc8 26. b6 Rb8 27.
b7 Nc3 28. Ba6 Na4 29. Rc2 Nc5 30. Rxc5 dxc5 31. Ne5 c4 32. Kf1 Bd5 33. Nd7
Rxb7 34. Bxb7 Bxb7 35. f3 Bc6 36. Nb6 c3 37. Ke2 Bb5+ 38. Kd1 Bf1 39. Kc2 Bxg2
40. f4 Kh6 41. Nd7 Kh5 42. Kxc3 Bc6 43. Nf8 h6 44. Kd4 Be8 45. Ke5 Bf7 46. e4
fxe4 47. Kxe4 Kg4 48. Nd7 Kh3 49. f5 g5 50. f6 exf6 51. Kf5 g4 52. Nxf6 h5 53.
Kg5 Kxh2 54. Nxg4+ Kg3 55. Nf6 h4 56. Ne4+ Kh3 57. Nf2+ 1/2-1/2

[Event "IV Torneo Internacional Ciudad de La Lag"]
[Site "Casino de La Laguna. C/ Nava y"]
[Date "2010.04.07"]
[Round "3"]
[White "Hernandez Carmenates, Holden"]
[Black "Cabrera Trujillo, Jorge"]
[Result "1-0"]
[WhiteElo "2541"]
[BlackElo "2370"]
[PlyCount "98"]
[EventDate "2010.04.05"]

1. e4 c5 2. Nf3 d6 3. d4 cxd4 4. Nxd4 Nf6 5. Nc3 a6 6. a4 g6 7. Be2 Bg7 8. O-O
O-O 9. Be3 Nc6 10. f4 Nxd4 11. Bxd4 Be6 12. a5 Qc7 13. Ra4 Rac8 14. Bb6 Qd7 15.
Rb4 d5 16. e5 Ne4 17. Nxe4 dxe4 18. Rxe4 Qc6 19. Bd3 f6 20. exf6 exf6 21. f5
Bxf5 22. Rc4 Qe6 23. Rxc8 Rxc8 24. Bxf5 gxf5 25. Qd3 Qe4 26. Rxf5 Qxd3 27. cxd3
Kf7 28. b4 Rc3 29. Rd5 Ke6 30. Rd8 f5 31. Bc5 Be5 32. d4 Rc1+ 33. Kf2 Bxh2 34.
d5+ Kf6 35. Rf8+ Kg7 36. Rc8 Kf7 37. g3 Rc2+ 38. Kf3 Rc3+ 39. Kg2 Rc2+ 40. Kf3
Rc3+ 41. Ke2 Bxg3 42. Rf8+ Kg7 43. Rxf5 Kg6 44. Rf8 Bh4 45. d6 Kg7 46. Rf4 Bg5
47. d7 Rc2+ 48. Kd3 Rc1 49. Bd4+ Kg6 1-0

[Event "IV Torneo Internacional Ciudad de La Lag"]
[Site "Casino de La Laguna. C/ Nava y"]
[Date "2010.04.07"]
[Round "3"]
[White "Tatai, Stefano"]
[Black "Kurajica, Bojan"]
[Result "1/2-1/2"]
[WhiteElo "2356"]
[BlackElo "2525"]
[PlyCount "41"]
[EventDate "2010.04.05"]

1. d4 Nf6 2. c4 e6 3. Nf3 Bb4+ 4. Bd2 a5 5. a3 Be7 6. Nc3 d5 7. Qc2 Nc6 8. Bg5
h6 9. Bh4 g5 10. Bg3 Nh5 11. e3 O-O 12. Be2 Nxg3 13. hxg3 Kg7 14. Rd1 Bf6 15.
Nh2 Rh8 16. Ng4 Be7 17. f4 h5 18. Ne5 g4 19. Nxc6 bxc6 20. c5 f5 21. Kd2
1/2-1/2

[Event "IV Torneo Internacional Ciudad de La Lag"]
[Site "Casino de La Laguna. C/ Nava y"]
[Date "2010.04.07"]
[Round "3"]
[White "Ulibin, Mikhail"]
[Black "Clemente Llamero, Roberto"]
[Result "1-0"]
[WhiteElo "2516"]
[BlackElo "2175"]
[PlyCount "53"]
[EventDate "2010.04.05"]

1. d4 d5 2. c4 e6 3. Nf3 Nf6 4. g3 Be7 5. Bg2 O-O 6. O-O c6 7. Nc3 b6 8. Qd3
Ba6 9. b3 Nbd7 10. Rd1 Rc8 11. e4 c5 12. exd5 exd5 13. dxc5 dxc4 14. bxc4 Rxc5
15. Nb5 Bxb5 16. cxb5 Rd5 17. Nd4 Ne5 18. Qc3 Bc5 19. Bb2 Rxd4 20. Rxd4 Bxd4
21. Qxd4 Qxd4 22. Bxd4 Nd3 23. Rd1 Nb4 24. a3 Nc2 25. Bb2 Re8 26. Rd2 Ne1 27.
Bc6 1-0

[Event "IV Torneo Internacional Ciudad de La Lag"]
[Site "Casino de La Laguna. C/ Nava y"]
[Date "2010.04.07"]
[Round "3"]
[White "Draghici Flutur, Gavril"]
[Black "Gonzalez Vidal, Yuri"]
[Result "0-1"]
[WhiteElo "2204"]
[BlackElo "2512"]
[PlyCount "48"]
[EventDate "2010.04.05"]

1. e4 c6 2. d4 d5 3. f3 e6 4. Nc3 Bb4 5. e5 f6 6. f4 fxe5 7. Qh5+ g6 8. Qxe5
Nf6 9. Bd3 c5 10. Bb5+ Nc6 11. Nf3 O-O 12. Bxc6 bxc6 13. O-O Ng4 14. Qe2 cxd4
15. Nxd4 e5 16. fxe5 Rxf1+ 17. Qxf1 Qb6 18. Qf4 Bc5 19. Nce2 Bd7 20. c3 Rf8 21.
Qg3 Qa6 22. Be3 Qxe2 23. Nxe2 Bxe3+ 24. Kh1 Nf2+ 0-1

[Event "IV Torneo Internacional Ciudad de La Lag"]
[Site "Casino de La Laguna. C/ Nava y"]
[Date "2010.04.07"]
[Round "3"]
[White "Heberla, Bartlomiej"]
[Black "Catarineu Navines, Federico"]
[Result "1-0"]
[WhiteElo "2509"]
[BlackElo "1994"]
[PlyCount "39"]
[EventDate "2010.04.05"]

1. e4 d5 2. exd5 Qxd5 3. Nc3 Qa5 4. Bc4 c6 5. Nge2 Nf6 6. d4 Bf5 7. Ng3 Bg6 8.
Qe2 e6 9. Bd2 Bb4 10. a3 O-O 11. O-O-O Bxc3 12. Bxc3 Qa4 13. Bb4 c5 14. dxc5 a5
15. Bc3 Bxc2 16. Bxf6 Bxd1 17. Rxd1 gxf6 18. Qg4+ Kh8 19. Nh5 Rg8 20. Qxg8+ 1-0

[Event "IV Torneo Internacional Ciudad de La Lag"]
[Site "Casino de La Laguna. C/ Nava y"]
[Date "2010.04.07"]
[Round "3"]
[White "Pogorelov, Ruslan"]
[Black "Alonso Contreras, Mario Elias"]
[Result "1-0"]
[WhiteElo "2486"]
[BlackElo "1978"]
[PlyCount "41"]
[EventDate "2010.04.05"]

1. Nf3 Nf6 2. c4 c5 3. Nc3 Nc6 4. d4 cxd4 5. Nxd4 g6 6. e4 d6 7. Be2 Bg7 8. Be3
O-O 9. O-O Bd7 10. Qd2 Nxd4 11. Bxd4 Bc6 12. f3 Nd7 13. Be3 Nc5 14. Rab1 a5 15.
b3 Qb8 16. Rfc1 Rc8 17. Bd1 b5 18. Nxb5 Bxb5 19. cxb5 Qxb5 20. a4 Qd7 21. Rxc5
1-0

[Event "IV Torneo Internacional Ciudad de La Lag"]
[Site "Casino de La Laguna. C/ Nava y"]
[Date "2010.04.07"]
[Round "3"]
[White "Acosta Sosa, Juan Manuel"]
[Black "Todorcevic, Miodrag"]
[Result "0-1"]
[WhiteElo "2023"]
[BlackElo "2437"]
[PlyCount "90"]
[EventDate "2010.04.05"]

1. d4 g6 2. c4 Bg7 3. Nc3 d6 4. e4 Nd7 5. Nf3 e5 6. Be2 Ngf6 7. O-O O-O 8. Re1
c6 9. Bf1 a5 10. Rb1 exd4 11. Nxd4 Re8 12. f3 Qe7 13. Be3 Nc5 14. b3 Nfd7 15.
a3 Nf8 16. b4 axb4 17. axb4 Nce6 18. Qd2 Ra3 19. Rb3 Rxb3 20. Nxb3 Nd7 21. Bf2
Qf6 22. Na4 Ne5 23. Nb6 Nf4 24. Kh1 Nxg2 25. Bxg2 Nxf3 26. Qc2 Nxe1 27. Bxe1
Bf5 28. Kg1 Qe7 29. Bg3 Be6 30. Qd2 Qd8 31. Bf2 Be5 32. Nd4 Qxb6 33. Nxe6 Qa6
34. Nc7 Qa1+ 35. Bf1 Rc8 36. Bb6 d5 37. Nxd5 cxd5 38. Qxd5 Re8 39. Qd7 Re6 40.
Bc5 Kg7 41. Qd8 Bd6 42. Be3 Rf6 43. Bf2 Qe5 44. Bg3 Qd4+ 45. Kg2 Qxe4+ 0-1